Holiday Quiz

Random Holiday or Puzzle Quiz
Score 0/30 Timer 08:00
0 Plays Today
% Correct
November
99.7%
Pie
98.1%
Black
97.6%
Massachusetts
94.8%
Fork
94.7%
NFL
94.7%
Macys
93.9%
Monday
93.7%
Pilgrim
92%
Philadelphia
91.3%
The Mayflower
91%
Ronald Reagan
90.2%
Cornucopia
88.5%
Thomas Jefferson
87.5%
Three
85.7%
% Correct
Santa Claus
84.9%
Deer
82.4%
Hen
82.2%
Detroit Lions
81.9%
Two
80.7%
Tom
78.5%
Virginia
72.4%
Alices
69.6%
Wampanoag
69.6%
Harry Truman
66.6%
Rafter
65.3%
Snood
64.3%
Chuseok
61.8%
Sarah
60.3%
COLLARD GREENS
50.7%
Remove Ads.
Support Sporcle.
Get the best of Sporcle when you Go Orange. This ad-free experience offers more features, more stats, and more fun while also helping to support Sporcle. Thank you for becoming a member.

You're not logged in!

Compare scores with friends on all Sporcle quizzes.
OR
Log In

Show Comments

Extras

Top Quizzes Today


Score Distribution

Your Account Isn't Verified!

In order to create a playlist on Sporcle, you need to verify the email address you used during registration. Go to your Sporcle Settings to finish the process.

Report this User

Report this user for behavior that violates our Community Guidelines.

Details: